000
00337nam a2200145Ia 4500
008
150201s1985 xx 000 0 und d
082
_a
611
_b
A 1984J
100
_a
JOSEPH,J
245
_a
AIDS TO ANATOMY
250
_a
13TH
260
_b
JAYPEE MEDICAL PUBLISHER
_a
DELHI
_c
1985
300
_a
1-423
650
_a
ANATOMY
942
_2
ddc
_c
BK
999
_c
2481
_d
2481